00556nam a2200205 a 4500001001300000003000900013005001700022008004100039020000900080082001800089100002300107245005400130260002500184300000900209500003500218505003100253650002400284650001900308700002300327nice12345678IN_TiNIC20260116013257.0050524s2000 dela grp 000 0 eng  ac9500a230.046bTHU1 aThumma, Anthoniraj aPeople`s Powerb Asian/indian Liberation Theology aDelhi bISPCK c2000 a128p aincludes index and biblioraphy2 aGeneral Index of reference aLiberation-Theology aTheology-India1 aThumma, Anthoniraj